000 00191 a2200097 4500
020 _a046594202956
041 _aeng
100 _aMaurice Sendak
245 _aNo fighting no biting
942 _cK
999 _c28387
_d28387